words start T [250 common english word] - Statistics

General Stats
  • This quiz has been taken 15 times
  • The average score is 18 of 24
Answer Stats
lp Answer % Correct
4 that
100%
5 the
100%
14 this
100%
7 then
93%
19 to
93%
20 too
87%
24 two
87%
2 tell
80%
6 them
80%
9 there
80%
10 these
80%
15 thought
80%
16 three
80%
22 try
80%
8 their
73%
11 they
73%
13 think
73%
18 time
73%
3 than
67%
1 take
60%
17 through
60%
21 tree
53%
12 thing
47%
23 turn
33%
No matching quizzes found
Score Distribution
Percent of People with Each Score
Percentile by Number Answered
Your Score History
You have not taken this quiz